| 000 | 00611nam a22002177a 4500 | ||
|---|---|---|---|
| 005 | 20220422143712.0 | ||
| 008 | 220422b ||||| |||| 00| 0 eng d | ||
| 040 | _cAloy | ||
| 041 | _aeng | ||
| 082 |
_223 _a307.77 _bLETC |
||
| 100 |
_aHenry J Lethbridge _930961 |
||
| 245 | _aChinas urban communes | ||
| 260 |
_aHong Kong _bDragonfly Books _c1961 |
||
| 300 |
_aii,74 p. _bPB _c18x12 cm. |
||
| 365 | _2Sociology | ||
| 650 |
_aCommunities _930962 |
||
| 650 |
_aExpansion of communes _930963 |
||
| 650 |
_aStructure of the Urban Communes _930964 |
||
| 700 |
_aLETHBRIDGE (Henry J) _930965 |
||
| 942 |
_2ddc _cGF |
||
| 999 |
_c222564 _d222564 |
||